书目信息 |
| 题名: |
实践与创造力培养
|
|
| 作者: | 陈欢庆 著 | |
| 分册: | ||
| 出版信息: | 杭州 浙江教育出版社 2000 |
|
| 页数: | 206页 | |
| 开本: | 20cm | |
| 丛书名: | 创新教育丛书 | |
| 单 册: | ||
| 中图分类: | G305 | |
| 科图分类: | ||
| 主题词: | 创造发明 , 创造学 | |
| 电子资源: | ||
| ISBN: | 7-5338-3735-5 | |
| 000 | 00587nam2 2200217 45 | |
| 001 | 0304011016 | |
| 005 | 20070727114617.04 | |
| 010 | @a7-5338-3735-5@dCNY10.00 | |
| 100 | @a20030401d2000 km y0chiy0120 ea | |
| 101 | 0 | @achi |
| 200 | 1 | @a实践与创造力培养@AShi Jian Yu Chuang Zao Li Pei Yang@f陈欢庆著@FChen Huan Qing Zhu |
| 210 | @a杭州@c浙江教育出版社@d2000 | |
| 215 | @a206页@d20cm | |
| 225 | @a创新教育丛书 | |
| 410 | @12001 @a创新教育丛书 | |
| 606 | 0 | @a创造发明 |
| 606 | 0 | @a创造学 |
| 690 | @aG305@v4 | |
| 701 | 0 | @a陈欢庆@4著 |
| 801 | @aCN@bTSTC@c20070727 | |
| 905 | @dG305@e102 | |
| 实践与创造力培养/陈欢庆著.-杭州:浙江教育出版社,2000 |
| 206页;20cm.-(创新教育丛书) |
| ISBN 7-5338-3735-5:CNY10.00 |
| ● |
| 相关链接 |
|
|
|
|
正题名:实践与创造力培养
索取号:G305/102
 
预约/预借
| 序号 | 登录号 | 条形码 | 馆藏地/架位号 | 状态 | 备注 |
| 1 | 0322013 | 203220139 | 第四借阅区/ [索取号:G305/102] | 在馆 | |
| 2 | 0322014 | 203220148 | 第四借阅区/ [索取号:G305/102] | 在馆 | |
| 3 | 0322015 | 203220157 | 第四借阅区/ [索取号:G305/102] | 在馆 | |
| 4 | 0322016 | 203220166 | 第四借阅区/ [索取号:G305/102] | 在馆 | |
| 5 | 0322017 | 203220175 | 第一样本阅览室/ [索取号:G305/102] | 在馆 | |
| 6 | 0784912 | 207849122 | 密集书库/ [索取号:G305/102] | 在馆 |